000 01087nam a22002297a 4500
999 _c1833
_d1833
003 AR-CdUCM
008 190228b ||||| |||| 00| 0 spa d
040 _aMUNICIPALIDAD PROVINCIAL DEL CUSCO
_cBIBLIOTECA MUNICIPAL DEL CUSCO
082 _a345.73 /
_b068
100 _aOrmachea Choque, Iván
_96719
245 _aRetos y posibilidades de la conciliación en el Perú :
_bprimer estudio cualitativo; propuestas de políticas y lineamientos de acción /
260 _aLima :
_bConsejo de Coordinación Judicial,
_c1998.
300 _a400 paginas ;
_c23 cm.
505 _aSerie de estudios sobre la realidad judicial Peruana -- Puesto en marcha por las comisiones ejecutivas del Poder Judicial y del Ministerio Público -- Características de la conciliación -- Manejo extra judicial de conciliación DEMUNA...
650 _aPoder judicial
_96720
650 _aReorganización de Fiscales
_96721
650 _aCiencias Politicas
_94099
650 _aAdministración de Justicia
_96722
700 _aSolis Vargas, Rocío
_96723
942 _2ddc
_cLIBROS
945 _awnts
_d2019-02-28